<?xml version="1.0" encoding="UTF-8"?>
<record
    xmlns:xsi="http://www.w3.org/2001/XMLSchema-instance"
    xsi:schemaLocation="http://www.loc.gov/MARC21/slim http://www.loc.gov/standards/marcxml/schema/MARC21slim.xsd"
    xmlns="http://www.loc.gov/MARC21/slim">

  <leader>02301nam a22003977a 4500</leader>
  <controlfield tag="003">dpl</controlfield>
  <controlfield tag="005">2008090303483.0</controlfield>
  <controlfield tag="007">DVD</controlfield>
  <controlfield tag="008">050907s2005    cau105 g      00| 0 eng d</controlfield>
  <datafield tag="010" ind1=" " ind2=" ">
    <subfield code="a">DVD-000779-781</subfield>
  </datafield>
  <datafield tag="024" ind1=" " ind2=" ">
    <subfield code="a">27041</subfield>
    <subfield code="c">399.00</subfield>
  </datafield>
  <datafield tag="035" ind1=" " ind2=" ">
    <subfield code="a">DVD-000779-781</subfield>
  </datafield>
  <datafield tag="040" ind1=" " ind2=" ">
    <subfield code="a">DPL</subfield>
    <subfield code="c">DPL</subfield>
  </datafield>
  <datafield tag="092" ind1=" " ind2=" ">
    <subfield code="a">DVD / HIGH</subfield>
  </datafield>
  <datafield tag="245" ind1=" " ind2=" ">
    <subfield code="a">High School Musical :</subfield>
    <subfield code="h">[videorecording]  DVD /</subfield>
    <subfield code="c">Walt Disney Pictures Presents</subfield>
    <subfield code="b">The Concert- Extreme Access Pass</subfield>
  </datafield>
  <datafield tag="260" ind1=" " ind2=" ">
    <subfield code="b">Walt Disney Home Entertainment</subfield>
  </datafield>
  <datafield tag="300" ind1=" " ind2=" ">
    <subfield code="a">1 videocassette (56:46 min.)</subfield>
    <subfield code="b">sd., col. ;</subfield>
    <subfield code="c">4-3/4 in.</subfield>
    <subfield code="f">DVD</subfield>
  </datafield>
  <datafield tag="440" ind1=" " ind2=" ">
    <subfield code="a">Walt Disney Home Entertainment</subfield>
  </datafield>
  <datafield tag="500" ind1=" " ind2=" ">
    <subfield code="a">Distributor in India Excel  Production Audiovisuals Pvt. Ltd. Mumbai</subfield>
  </datafield>
  <datafield tag="500" ind1=" " ind2=" ">
    <subfield code="a">Concert Extras: Jordan Pruitt, High School Musical: On the Road, Sneak Peek of High School Musical 2, U Direct Muklti-Angle Concert Features</subfield>
  </datafield>
  <datafield tag="508" ind1=" " ind2=" ">
    <subfield code="a">Director of photography, Oliver Wood ; art directors, Shepherd Frankel, Don Macaulay ; editor, William Hoy ; music, Miri Ben-Ari, John Ottman ; costume designer, Jose Fernandez, Wendy Partridge ; production designer, Bill Boes ; visual effects supervisors</subfield>
  </datafield>
  <datafield tag="538" ind1=" " ind2=" ">
    <subfield code="a">Dolby digital 2.0, English, Spanish, Portuguese Subtitles: English,Japanese, Trad  Chinese, Malasian, Thai, Bahasan, Spanishj</subfield>
  </datafield>
  <datafield tag="538" ind1=" " ind2=" ">
    <subfield code="a">Aspect Ratio 1:78.1,Presentation Type: Letter Box,  Presentation Size: 4x3 , Format: DVD 9 Dual Layer Single Sided Disc. Layer Transition may trigger a slight pause. </subfield>
  </datafield>
  <datafield tag="650" ind1=" " ind2=" ">
    <subfield code="a">Motion Picture</subfield>
  </datafield>
  <datafield tag="700" ind1=" " ind2=" ">
    <subfield code="a">Bleu, Corbin</subfield>
  </datafield>
  <datafield tag="700" ind1=" " ind2=" ">
    <subfield code="a">Coleman, Monique</subfield>
  </datafield>
  <datafield tag="700" ind1=" " ind2=" ">
    <subfield code="a">Crabeel, Lucas</subfield>
  </datafield>
  <datafield tag="700" ind1=" " ind2=" ">
    <subfield code="a">Hudgens, Vanessa</subfield>
  </datafield>
  <datafield tag="700" ind1=" " ind2=" ">
    <subfield code="a">Tisdale, Ashley</subfield>
  </datafield>
  <datafield tag="700" ind1=" " ind2=" ">
    <subfield code="a">Morphos, Paul</subfield>
  </datafield>
  <datafield tag="942" ind1=" " ind2=" ">
    <subfield code="c">CF</subfield>
    <subfield code="2">ddc</subfield>
    <subfield code="h">DVD</subfield>
    <subfield code="m">HIGH</subfield>
  </datafield>
  <datafield tag="999" ind1=" " ind2=" ">
    <subfield code="c">16025</subfield>
    <subfield code="d">16025</subfield>
  </datafield>
  <datafield tag="952" ind1=" " ind2=" ">
    <subfield code="0">0</subfield>
    <subfield code="1">0</subfield>
    <subfield code="2">ddc</subfield>
    <subfield code="4">0</subfield>
    <subfield code="7">0</subfield>
    <subfield code="a">L</subfield>
    <subfield code="b">L</subfield>
    <subfield code="d">2008-09-30</subfield>
    <subfield code="e">Purchase</subfield>
    <subfield code="g">399.00</subfield>
    <subfield code="l">19</subfield>
    <subfield code="o">DVD HIGH</subfield>
    <subfield code="p">DVD-000779</subfield>
    <subfield code="r">2009-10-24 00:00:00</subfield>
    <subfield code="s">2009-10-12</subfield>
    <subfield code="t">1</subfield>
    <subfield code="v">399.00</subfield>
    <subfield code="w">2008-09-30</subfield>
    <subfield code="y">CF</subfield>
  </datafield>
  <datafield tag="952" ind1=" " ind2=" ">
    <subfield code="0">0</subfield>
    <subfield code="1">0</subfield>
    <subfield code="2">ddc</subfield>
    <subfield code="4">0</subfield>
    <subfield code="7">0</subfield>
    <subfield code="a">ZLS</subfield>
    <subfield code="b">ZLS</subfield>
    <subfield code="d">2008-09-30</subfield>
    <subfield code="e">Purchase</subfield>
    <subfield code="g">399.00</subfield>
    <subfield code="l">24</subfield>
    <subfield code="o">DVD HIGH</subfield>
    <subfield code="p">DVD-000780</subfield>
    <subfield code="r">2013-08-05 00:00:00</subfield>
    <subfield code="s">2013-08-02</subfield>
    <subfield code="t">1</subfield>
    <subfield code="v">399.00</subfield>
    <subfield code="w">2008-09-30</subfield>
    <subfield code="y">CF</subfield>
  </datafield>
  <datafield tag="952" ind1=" " ind2=" ">
    <subfield code="0">0</subfield>
    <subfield code="1">0</subfield>
    <subfield code="2">ddc</subfield>
    <subfield code="4">0</subfield>
    <subfield code="7">0</subfield>
    <subfield code="a">BL1</subfield>
    <subfield code="b">BL1</subfield>
    <subfield code="d">2008-09-30</subfield>
    <subfield code="e">Purchase</subfield>
    <subfield code="g">399.00</subfield>
    <subfield code="l">19</subfield>
    <subfield code="o">DVD HIGH</subfield>
    <subfield code="p">DVD-000781</subfield>
    <subfield code="r">2013-05-27 00:00:00</subfield>
    <subfield code="s">2013-05-13</subfield>
    <subfield code="t">1</subfield>
    <subfield code="v">399.00</subfield>
    <subfield code="w">2008-09-30</subfield>
    <subfield code="y">CF</subfield>
  </datafield>
</record>
